000 00448cam a2200181ua 4500
020 _c60.00
041 _aeng
_h
082 _a519.062
_bKER/EN
100 _aKerysig, Irwin .
245 _aAdvanced engineering mathematics /
_cIrwin Kerysig.
_hTextual Documents
250 _a5 /
_b.
260 _aNew Delhi :
_bWiley Eastern Ltd ,
_c1985.
300 _a988 ; .
365 _a60.00
504 _a
942 _cBK
999 _c7067
_d7067